Pays par Emojis #M - Statistiques

Statistiques générales
  • Ce quiz a été pris 61 fois
  • Le résultat moyen est 6 sur 18
Statistiques - réponses
Emojis Pays % Correct
🌮🪅🌋 Mexique
82%
🎰🏎️👑 Monaco
71%
🕌🧣🏜️ Maroc
60%
🏜️🐪🕌 Mauritanie
47%
🐎⛺🌾 Mongolie
42%
🐒🦎🌴 Madagascar
31%
🏝️🏄‍♂️🐢 Maldives
31%
🏞️🌄🌲 Monténégro
31%
🕌🍜🏝️ Malaisie
29%
🌾🐪🏜️ Mali
29%
🌴🏝️🐬 Fédération des États de Micronésie
27%
🏝️🎶🌺 Île Maurice
24%
🏰⛪🌊 Malte
22%
🍇🍷🎻 Moldavie
22%
🏝️🌊🛶 Îles Marshall
20%
🐘🏞️🥁 Malawi
18%
🏝️🦜🎶 Mozambique
16%
🕌🏜️🌴 Macédoine du Nord
13%
Aucun quiz correspondant
Distribution des résultats
% des personnes avec chaque résultat
Percentile par nombre de réponses
Votre historique - résultats
Vous n’avez pas pris ce quiz